Tự học nhanh word 2000 bằng hình ảnh

Guardat en:
Dades bibliogràfiques
Autor principal: Heidi Steele
Format: Llibre
Idioma:Undetermined
Publicat: Tp. Hồ Chí Minh Trẻ 2002
Matèries:
Etiquetes: Afegir etiqueta
Sense etiquetes, Sigues el primer a etiquetar aquest registre!
Thư viện lưu trữ: Trung tâm Học liệu Trường Đại học Cần Thơ
LEADER 00500nam a2200181Ia 4500
001 CTU_90618
008 210402s9999 xx 000 0 und d
082 |a 005.15 
082 |b S814 
100 |a Heidi Steele 
245 0 |a Tự học nhanh word 2000 bằng hình ảnh 
245 0 |c Heidi Steele 
260 |a Tp. Hồ Chí Minh 
260 |b Trẻ 
260 |c 2002 
650 |a word ( computer programs ) 
904 |i Trúc 
980 |a Trung tâm Học liệu Trường Đại học Cần Thơ